كتاب السلوك لمعرفة دول الملوك / (Record no. 8219)
[ view plain ]
| 000 -الفاتح | |
|---|---|
| حقل البيانات ثابتة الطول | 02044nac a22003611i 4500 |
| 003 - محدد رقم الضبط | |
| رقم الضبط | EG-ScBUE |
| 005 - وقت وتاريخ اخر تعامل مع التسجيلة | |
| رقم الضبط | 20240214123513.0 |
| 008 - عناصر البيانات ثابتة الطول - معلومات عامة | |
| حقل البيانات ثابتة الطول | 121217m20062007ua a f b 000 0 ara d |
| 017 ## - رقم الإيداع القانونى | |
| رقم الإيداع القانونى | 2006 / 23025 |
| 020 ## - الرقم الدولى المعيارى للكتب | |
| الرقم الدولى المعيارى للكتاب | 9771804634 |
| 040 ## - مصدر الفهرسة | |
| وكالة الفهرسة الأصلية | EG-ScBUE |
| لغة الفهرسة | ara |
| قواعد الوصف | rda |
| وكالة النسخ | EG-ScBUE |
| وكالة التعديل | EG-ScBUE |
| 043 ## - رمز المنطقة الجغرافية | |
| رمز المنطقة الجغرافية | f-ua--- |
| 082 04 - رقم تصنيف ديوى العشرى | |
| رقم التصنيف | 962.02 |
| رقم المادة | م ق ر |
| رقم الطبعة | 22 |
| 100 1# - المدخل الرئيسى - إسم شخصى | |
| الإسم الشخصى | مقريزي، أحمد بن علي، |
| التواريخ المصاحبة للاسم | 766-845 هـ، |
| الدور | مؤلف. |
| 9 (RLIN) | 31727 |
| 245 10 - بيان العنوان | |
| العنوان | كتاب السلوك لمعرفة دول الملوك / |
| بيان المسئوليه,etc | أحمد بن علي المقريزي ؛ صححه ووضع حواشيه محمد مصطفى زيادة، أستاذ تاريخ العصور الوسطى بكلية الآداب بجامعة القاهرة. |
| 250 ## - بيان الطبعة | |
| بيان الطبعة | الطبعة الثالثة. |
| 264 #1 - النشر، التوزيع | |
| مكان الناشر او الموزع | القاهرة : |
| اسم الناشر او الموزع | دار الكتب والوثائق القومية، |
| تاريخ النشر أو التوزيع | 2006-2007. |
| 300 ## - الوصف المادى | |
| التعداد | 12 مجلد : |
| تفاصيل ماديه اخرى للوعاء | إيضاحيات ؛ |
| أبعاد الوعاء | 32 سم |
| 336 ## - نوع المحتوى | |
| source | rdacontent |
| Carrier Type Term | نص |
| Content Type Code | txt |
| 337 ## - نوع الوسيط | |
| Media Type Term | بدون وسيط |
| source | rdamedia |
| Media Type Code | n |
| 338 ## - نوع الحامل أو الناقل | |
| Carrier Type Term | مجلد |
| Carrier Type Code | nc |
| source | rdacarrier |
| 504 ## - تبصرة ببليوجرافية | |
| تبصرة ببليوجرافية,الخ | يشتمل على إرجاعات ببليوجرافية. |
| 505 0# - تبصرة محتويات-الفهرس | |
| تبصرة المحتويات المصاغة | الجزء الأول -- الجزء الثاني -- الجزء الثالث -- الجزء الرابع -- الجزء الخامس -- الجزء السادس -- الجزء السابع -- الجزء الثامن -- الجزء التاسع -- الجزء العاشر -- الجزء الحادي عشر -- الجزء الثاني عشر. |
| 651 #7 - المدخل الاضافى بالموضوع - اسم جغرافى | |
| الاسم الجغرافي | مصر |
| التقسيم الفرعي العام | تاريخ |
| التقسيم الفرعي الزمني | العصر الإسلامي. |
| مصدر الرأس أو المصطلح | BUEsh |
| 9 (RLIN) | 29254 |
| 651 #7 - المدخل الاضافى بالموضوع - اسم جغرافى | |
| الاسم الجغرافي | مصر |
| التقسيم الفرعي العام | تاريخ |
| التقسيم الفرعي الزمني | العصر الأموي. |
| مصدر الرأس أو المصطلح | BUEsh |
| 651 #7 - المدخل الاضافى بالموضوع - اسم جغرافى | |
| الاسم الجغرافي | مصر |
| التقسيم الفرعي العام | تاريخ |
| التقسيم الفرعي الزمني | العصر العباسي. |
| مصدر الرأس أو المصطلح | BUEsh |
| 651 #7 - المدخل الاضافى بالموضوع - اسم جغرافى | |
| الاسم الجغرافي | مصر |
| التقسيم الفرعي العام | تاريخ |
| التقسيم الفرعي الزمني | العصر الطولوني (868-905 م.). |
| مصدر الرأس أو المصطلح | BUEsh |
| 651 #7 - المدخل الاضافى بالموضوع - اسم جغرافى | |
| الاسم الجغرافي | مصر |
| التقسيم الفرعي العام | تاريخ |
| التقسيم الفرعي الزمني | العصر الأيوبي (1171-1250 م.). |
| مصدر الرأس أو المصطلح | BUEsh |
| 651 #7 - المدخل الاضافى بالموضوع - اسم جغرافى | |
| الاسم الجغرافي | مصر |
| التقسيم الفرعي العام | تاريخ |
| التقسيم الفرعي الزمني | العصر الفاطمي (969-1171 م.). |
| مصدر الرأس أو المصطلح | BUEsh |
| 655 ## - مصطلح تكشيفى-نوع/شكل | |
| التقسيم الفرعي الشكلي | Reading book |
| 700 1# - المدخل الاضافى - اسم شخصى | |
| الإسم الشخصى | زيادة، محمد مصطفى، |
| الدور | مصحح. |
| 9 (RLIN) | 31659 |
| 942 ## - عناصر المدخل الإضافي( كوها) | |
| Koha [default] item type | Book - Borrowing |
| مصدر التصنيف او مخطط الترفيف | Dewey Decimal Classification |
| حالة التراجع | حالة الفقد | مصدر التصنيف او خطة الترفيف | حالة تلف | ليس للاعارة | مجموعات كوها | المكان الدائم | المكان الحالي | موقع الترفيف | تاريخ الاكتساب | Source of acquisition | رقم الاستدعاء | الباركود | Date last seen | التكلفة | نوع الوعاء | تبصرة عامة |
|---|---|---|---|---|---|---|---|---|---|---|---|---|---|---|---|---|
| Dewey Decimal Classification | Alef-Baa | Central Library | Central Library | Second Floor | 02/03/2008 | 962.02 م ق ر | 000010091 | 15/07/2025 | 20.00 | Book - Borrowing | ج.2، ق.2. | |||||
| Dewey Decimal Classification | Alef-Baa | Central Library | Central Library | Second Floor | 02/03/2008 | 962.02 م ق ر | 000010092 | 15/07/2025 | 20.00 | Book - Borrowing | ج.1، ق.3. | |||||
| Dewey Decimal Classification | Alef-Baa | Central Library | Central Library | Second Floor | 02/03/2008 | 962.02 م ق ر | 000010093 | 15/07/2025 | 20.00 | Book - Borrowing | ج.2، ق..3. | |||||
| Dewey Decimal Classification | Alef-Baa | Central Library | Central Library | Second Floor | 02/03/2008 | 962.02 م ق ر | 000010094 | 15/07/2025 | 20.00 | Book - Borrowing | ج.2، ق.1. | |||||
| Dewey Decimal Classification | Alef-Baa | Central Library | Central Library | Second Floor | 02/03/2008 | 962.02 م ق ر | 000010095 | 15/07/2025 | 20.00 | Book - Borrowing | ج.1، ق.1. | |||||
| Dewey Decimal Classification | Alef-Baa | Central Library | Central Library | Second Floor | 02/03/2008 | 962.02 م ق ر | 000010096 | 15/07/2025 | 20.00 | Book - Borrowing | ج.1، ق.2. | |||||
| Dewey Decimal Classification | Alef-Baa | Central Library | Central Library | Second Floor | 02/03/2008 | 962.02 م ق ر | 000010097 | 15/07/2025 | 20.00 | Book - Borrowing | ج.3، ق.3. | |||||
| Dewey Decimal Classification | Alef-Baa | Central Library | Central Library | Second Floor | 02/03/2008 | 962.02 م ق ر | 000010098 | 15/07/2025 | 20.00 | Book - Borrowing | ج.3، ق.2. | |||||
| Dewey Decimal Classification | Alef-Baa | Central Library | Central Library | Second Floor | 02/03/2008 | 962.02 م ق ر | 000010099 | 15/07/2025 | 20.00 | Book - Borrowing | ج.3، ق.1. | |||||
| Dewey Decimal Classification | Alef-Baa | Central Library | Central Library | Second Floor | 02/03/2008 | 962.02 م ق ر | 000010100 | 15/07/2025 | 20.00 | Book - Borrowing | ج.4، ق.1. | |||||
| Dewey Decimal Classification | Alef-Baa | Central Library | Central Library | Second Floor | 02/03/2008 | 962.02 م ق ر | 000010101 | 15/07/2025 | 20.00 | Book - Borrowing | ج.4، ق.2. | |||||
| Dewey Decimal Classification | Alef-Baa | Central Library | Central Library | Second Floor | 02/03/2008 | 962.02 م ق ر | 000010102 | 15/07/2025 | 20.00 | Book - Borrowing | ج.4، ق.3. |